National Anthem of Myanmar (Burma) - Statistics

General Stats
  • This quiz has been taken 4 times
  • The average score is 36 of 105
Answer Stats
Lyrics % Correct
ka
100%
ba
75%
Da
75%
da
75%
bọ,
50%
Dọ
50%
dọ
50%
go
50%
go,
50%
kyei,
50%
lọ
50%
lu
50%
50%
mọ
50%
Myā
50%
Myǎnma
50%
nẹ
50%
50%
ǎhpōtan
25%
ǎkyō
25%
ǎmwei
25%
ǎmyē
25%
ǎthek
25%
bei,
25%
bei.
25%
bei
25%
bōbwā
25%
dǎdwei,
25%
dẹi
25%
Gǎba
25%
gwe
25%
hkapthēim
25%
hkyīng
25%
hkyit
25%
hmyạ
25%
hmyạtạ
25%
hpyusing
25%
hsaung
25%
Htām
25%
htēinthēim
25%
lei.
25%
lei,
25%
lutlap
25%
mǎlei,
25%
myat
25%
myei.
25%
myei
25%
myei,
25%
myei!
25%
nyēimgyām
25%
nyinya
25%
pēi
25%
pyei,
25%
pyei.
25%
pyei
25%
Pyidaungzụ
25%
pyụ
25%
sit
25%
tawun
25%
Tǎyā
25%
thwei,
25%
tidạm
25%
wadạ
25%
zei
25%
zọ
25%
zwa
25%
Ǎdeithtan
0%
Khwịng
0%
paingnek
0%
tunyi
0%
No matching quizzes found
Score Distribution
Percent of People with Each Score
Percentile by Number Answered
Your Score History
You have not taken this quiz